Movie Title Misprints Quiz Stats

Quiz Updated Mar 9, 2012

Challenge
Share
Tweet
Embed
Score 0/30 Timer 03:00
6 Plays Today
Out of Order Missing Word % Correct
Tattoo with the Girl TheThe Girl with the Dragon Tattoo
97.2%
Hunting WillGood Will Hunting
93.5%
Art O Where Brother?O Brother, Where Art Thou?
91.3%
of The MusicThe Sound of Music
88.1%
Miss DrivingDriving Miss Daisy
85.5%
Love From RussiaFrom Russia with Love
84.8%
The Day the Still StoodThe Day the Earth Stood Still
84.1%
To to or Be BeTo Be or Not to Be
82.2%
Shut EyesEyes Wide Shut
81%
Before The NightmareThe Nightmare Before Christmas
80.9%
Gilbert Eating GrapeWhat's Eating Gilbert Grape
74.1%
Ridgemont High at TimesFast Times at Ridgemont High
73.5%
Named A DesireA Streetcar Named Desire
73.4%
Itch The SevenThe Seven Year Itch
68.1%
Life of Monty BrianMonty Python's Life of Brian
67.1%
Out of Order Missing Word % Correct
Dandy DoodleYankee Doodle Dandy
66.6%
Protocol: Impossible MissionMission: Impossible - Ghost Protocol
63%
Last in TangoLast Tango in Paris
54.2%
Body of the SnatchersInvasion of the Body Snatchers
52.1%
One and One HundredOne Hundred and One Dalmatians
51.6%
A Far BridgeA Bridge Too Far
48.7%
Dead of the NightNight of the Living Dead
43.8%
Hunter of the TheThe Night of the Hunter
41.3%
Show The PictureThe Last Picture Show
40.4%
Success of SmellSweet Smell of Success
39.3%
Sisters and HerHannah and Her Sisters
36%
How Was My ValleyHow Green Was My Valley
34.7%
Andre with DinnerMy Dinner with Andre
28.3%
Night into Long Day'sLong Day's Journey into Night
23.2%
Bow The OxThe Ox-Bow Incident
15.1%

You're not logged in!

Compare scores with friends on all Sporcle quizzes.
Sign Up with Email
OR
Log In

You Might Also Like...

Show Comments

Extras

Top Quizzes Today


Score Distribution

Your Account Isn't Verified!

In order to create a playlist on Sporcle, you need to verify the email address you used during registration. Go to your Sporcle Settings to finish the process.